Kieli
English
Deutsch
Español
Français
Italiano
日本語
Nederlands
Português
Português (Brasil)
中文(简体)
中文(繁體)
Türkçe
עברית
Gaeilge
Cymraeg
Ελληνικά
Català
Euskara
Русский
Čeština
Suomi
Svenska
polski
Dansk
slovenščina
اللغة العربية
বাংলা
Galego
Tiếng Việt
Hrvatski
हिंदी
Հայերէն
Українська
Kaikki kentät
Nimeke
Tekijä
Aihe
ISBN/ISSN
Tagi
Tunniste
Hae
Tarkennettu
Vol. 148, № 13; The Electricia...
Sitaatti
Tekstiviesti
Lähetä sähköpostilla
Tulosta
Vie tietue
Vienti: RefWorks
Vienti: EndNoteWeb
Vienti: EndNote
Pysyvä linkki
Esportazione completata correttamente —
Vol. 148, № 13; The Electrician
Bibliografiset tiedot
Parent link:
The Electrician: the technical newspaper of the electrical industry. Vol. 148, № 13.— , 1902-1917, 1922-1935, 1943-1944, 1946-1952
Kieli:
englanti
Julkaistu:
1952
Aineistotyyppi:
MixedMaterials
Kirja
KOHA link:
https://koha.lib.tpu.ru/cgi-bin/koha/opac-detail.pl?biblionumber=547444
Saatavuustiedot
Kuvaus
Samankaltaisia teoksia
Henkilökuntanäyttö
MARC
LEADER
00000nam2a2200000 4500
001
547444
005
20231101120117.0
035
|a
(RuTPU)RU\TPU\prd\239822
035
|a
RU\TPU\prd\239814
090
|a
547444
100
|a
20150814a1952 k y0engy50 ba
101
0
|a
eng
102
|a
GB
200
0
|a
Vol. 148, № 13
210
|d
1952
461
1
|0
(RuTPU)RU\TPU\prd\207
|t
The Electrician
|o
the technical newspaper of the electrical industry
|v
Vol. 148, № 13
|d
1902-1917, 1922-1935, 1943-1944, 1946-1952
801
0
|a
RU
|b
63413507
|c
20010227
|g
PSBO
801
1
|a
RU
|b
63413507
|c
20141208
801
2
|a
RU
|b
63413507
|c
20150814
|g
RCR
942
|c
BK
999
|a
НТБ_ТПУ
|b
НФ
|e
-4/20150112
|p
П-189
|u
0,54
|v
1
|x
2869
Samankaltaisia teoksia
Vol. 148, № 22; The Electrician
Julkaistu: (1952)
Vol. 148, № 23; The Electrician
Julkaistu: (1952)
Vol. 148, № 24; The Electrician
Julkaistu: (1952)
Vol. 148, № 25; The Electrician
Julkaistu: (1952)
Vol. 148, № 19; The Electrician
Julkaistu: (1952)